Online
Catalog

Contra arma verbis : (Record no. 2423)

MARC details
000 -CABECERA
campo de control de longitud fija 00828cam a2200229 a 4500
001 - NÚMERO DE CONTROL
campo de control 000002587
005 - FECHA Y HORA DE LA ÚLTIMA TRANSACCIÓN
campo de control 20200929150222.0
008 - DATOS DE LONGITUD FIJA--INFORMACIÓN GENERAL
campo de control de longitud fija 990203s1997 sp b 001 0 spa d
020 ## - NÚMERO INTERNACIONAL ESTÁNDAR DEL LIBRO
Número Internacional Estándar del Libro 8478203516
040 ## - FUENTE DE LA CATALOGACIÓN
Centro catalogador/agencia de origen DO-SdBNP
Lengua de catalogación spa
Centro/agencia transcriptor BNPHU
082 ## - NÚMERO DE LA CLASIFICACIÓN DECIMAL DEWEY
Número de clasificación 808.5
Número de documento/Ítem P645c
100 1# - ENTRADA PRINCIPAL--NOMBRE DE PERSONA
Nombre de persona Pina Polo, Francisco.
9 (RLIN) 8150
245 10 - MENCIÓN DE TÍTULO
Título Contra arma verbis :
Resto del título el orador ante el pueblo en la Roma tardorrepublicana /
Mención de responsabilidad, etc. Francisco Pina Polo.
260 ## - PUBLICACIÓN, DISTRIBUCIÓN, ETC.
Lugar de publicación, distribución, etc. Zaragoza :
Nombre del editor, distribuidor, etc. Institución Fernando el Catolico,
Fecha de publicación, distribución, etc. 1997.
300 ## - DESCRIPCIÓN FÍSICA
Extensión 290 p. ;
Dimensiones 21 cm.
440 #0 - MENCIÓN DE SERIE/PUNTO DE ACCESO ADICIONAL--TÍTULO
Título Publicación numero 1.825 de la Institución Fernando el Catolico
9 (RLIN) 8151
500 ## - NOTA GENERAL
Nota general Translated from the German.
504 ## - NOTA DE BIBLIOGRAFÍA, ETC.
Nota de bibliografía, etc. Includes bibliographical references (p. 251-264) and indexes.
650 #4 - PUNTO DE ACCESO ADICIONAL DE MATERIA--TÉRMINO DE MATERIA
Término de materia o nombre geográfico como elemento de entrada Oratoria
9 (RLIN) 1172
650 #4 - PUNTO DE ACCESO ADICIONAL DE MATERIA--TÉRMINO DE MATERIA
Término de materia o nombre geográfico como elemento de entrada Oratoria política
Subdivisión geográfica Roma
9 (RLIN) 8152
910 ## - DATOS DE OPCIÓN DEL USUARIO (OCLC)
Datos de opción del usuario En proceso
Holdings
Estado de retiro Estado de pérdida Restricciones de uso No para préstamo Código de colección Localización permanente Ubicación/localización actual Ubicación en estantería Fecha de adquisición Número de inventario Total de préstamos Signatura topográfica completa Código de barras Fecha visto por última vez Precio válido a partir de Tipo de ítem Koha
    Préstamo interno   Monografías: Libros y Folletos General General Depósito 03.07.2009 LF1   808.5 P645c 2587-10 25.06.2020 25.06.2020 Préstamo interno

Powered by Koha